Délmagyarország. - 1930. március 13., Csütörtök
Elmentve itt :
| Dokumentumtípus: | Újság |
|---|---|
| Megjelent: |
1930-03-13
|
| Sorozat: | Délmagyarország
6 No. 60 |
| Online Access: | http://dmarchiv.bibl.u-szeged.hu/6137 |
| LEADER | 00491nas a2200145 i 4500 | ||
|---|---|---|---|
| 001 | delm6137 | ||
| 005 | 20200414150657.0 | ||
| 008 | 171213s1930 hu n o 0|| hun d | ||
| 022 | |a 0133-025X | ||
| 040 | |a SZTE Délmagyarország Archívum |b hun | ||
| 041 | |a hun | ||
| 245 | 0 | 0 | |a Délmagyarország. - 1930. március 13., Csütörtök |h [elektronikus dokumentum] |
| 260 | |c 1930-03-13 | ||
| 490 | 0 | |a Délmagyarország |v 6 No. 60 | |
| 856 | 4 | 0 | |u http://dmarchiv.bibl.u-szeged.hu/6137/1/dm_1930_060.pdf |z Dokumentum-elérés |